000 00463nam a2200157Ia 4500
008 151213s9999 xx 000 0 und d
100 _aবঙ্কিম
245 _aরচনা সমগ্র
_cবঙ্কিম
250 _a১ম সং
260 _aকলকাতা
_bশ্যামাপাল সরকার
_c1991
300 _a8361 p.
650 _aBangla
650 _aউপন্যাস
700 _aবঙ্কিম
999 _c4201
_d4201